[Event "Quebec-ch Intercoll"]
[Site "Joliette"]
[Date "1993.04.10"]
[Round "4"]
[White "Valentir, Voicu"]
[Black "Potvin, Alain Nicolas"]
[Result "0-1"]
[WhiteElo "1634"]
[BlackElo "1761"]
[PlyCount "110"]
[EventDate "1993.04.09"]
[EventType "swiss"]
[EventRounds "6"]
[EventCountry "CAN"]
[SourceTitle "EXT 2022"]
[Source "ChessBase"]
[SourceDate "2021.10.06"]
[SourceVersion "1"]
[SourceVersionDate "2021.10.06"]
[SourceQuality "1"]

1. e4 d6 2. Nf3 g6 3. Bc4 Nf6 4. Nc3 Bg7 5. d3 Nc6 6. Be3 Bg4 7. h3 Bxf3 8. gxf3 Ne5 9. Bb3 c5 10. f4 Nc6 11. Qd2 Qa5 12. 0-0-0 Nd4 13. Bxd4 cxd4 14. Ne2 Qxd2+ 15. Rxd2 0-0 16. e5 dxe5 17. fxe5 Nh5 18. f4 Bh6 19. Rf1 e6 20. Kb1 Rfd8 21. c3 dxc3 22. bxc3 Rac8 23. Kb2 b5 24. d4 a5 25. a4 Rb8 26. Kc2 b4 27. c4 Rb7 28. Kb2 f6 29. exf6 Nxf6 30. d5 Bg7 31. Ka2 Ne4 32. Rd3 Nc5 33. Rdd1 exd5 34. f5 Nxb3 35. Kxb3 dxc4+ 36. Kxc4 Rxd1 37. Rxd1 gxf5 38. Kb3 Re7 39. Nf4 Re3+ 40. Rd3 Re4 41. Nh5 Be5 42. Ng3 Bxg3 43. Rxg3+ Kf7 44. Rd3 Ke6 45. Kc2 f4 46. Rd8 Re5 47. Rd4 Rc5+ 48. Kb2 Ke5 49. Rd7 h5 50. h4 Ke4 51. Re7+ Kf3 52. Rg7 Re5 53. Rg5 Ke4 54. Kc2 Rxg5 55. hxg5 Kf5 0-1